[Event "XLVI C.to Italiano a squadre Master"]
[Site "Condino ITA"]
[Date "2014.05.03"]
[Round "6"]
[White "Brun, Dario"]
[Black "Boscolo, Federico"]
[WhiteElo "2275"]
[BlackElo "2285"]
[Result "1/2-1/2"]
[PlyCount "51"]
[EventDate "2014.04.30"]

1. d4 d5 2. c4 e6 3. Nc3 Nf6 4. Bg5 Nbd7 5. e3 c6 6. Nf3 Qa5 7. Nd2 Bb4 8. Qc2
O-O 9. Be2 e5 10. O-O exd4 11. Nb3 Qb6 12. exd4 dxc4 13. Bxc4 a5 14. a4 Qc7 15.
Rae1 Qd6 16. Bh4 Nb6 17. Bd3 h6 18. Bg3 Qd8 19. Rd1 Nbd5 20. Ne4 Re8 21. Nbc5
Nxe4 22. Bxe4 b6 23. Nd3 Ba6 24. Bxd5 Qxd5 25. Nxb4 axb4 26. Rfe1 1/2-1/2

[Event "XLVI C.to Italiano a squadre Master"]
[Site "Condino ITA"]
[Date "2014.05.03"]
[Round "6"]
[White "Cappai, Davide"]
[Black "Manfredi, Vincenzo"]
[WhiteElo "2237"]
[BlackElo "2234"]
[Result "1/2-1/2"]
[PlyCount "38"]
[EventDate "2014.04.30"]

1. e4 c5 2. Nf3 Nc6 3. d4 cxd4 4. Nxd4 e6 5. Nc3 Qc7 6. Be2 a6 7. Be3 Nf6 8.
O-O d6 9. f4 Be7 10. Bf3 O-O 11. Nxc6 bxc6 12. Na4 Rb8 13. c4 c5 14. Qc2 Bd7
15. Nc3 Bc6 16. Rae1 Nd7 17. Rf2 Bh4 18. g3 Bf6 19. Rd1 Rb4 1/2-1/2

[Event "XLVI C.to Italiano a squadre Master"]
[Site "Condino ITA"]
[Date "2014.05.03"]
[Round "6"]
[White "Caprio, Guido"]
[Black "Nakamura, Hikaru"]
[WhiteElo "2426"]
[BlackElo "2772"]
[Result "0-1"]
[PlyCount "242"]
[EventDate "2014.04.30"]

1. d4 Nf6 2. c4 g6 3. Nc3 Bg7 4. e4 d6 5. Nf3 O-O 6. Be2 c5 7. O-O Bg4 8. d5
Na6 9. h3 Bxf3 10. Bxf3 Nc7 11. Bg5 e5 12. Be2 h6 13. Be3 Kh7 14. Bd3 Ng8 15.
Qe2 Qe7 16. g3 Rae8 17. Rae1 h5 18. f4 h4 19. gxh4 Qxh4 20. f5 Bh6 21. Qg4 Qd8
22. Bxh6 Nxh6 23. Qf3 Rg8 24. Kh1 Qh4 25. Rg1 Ref8 26. fxg6+ fxg6 27. Qg3 Qe7
28. Ref1 Rxf1 29. Rxf1 Ne8 30. Be2 Rg7 31. Nd1 Nf6 32. Bf3 Qf8 33. Ne3 Rf7 34.
Rg1 Qg7 35. Rf1 Nhg8 36. Qh4+ Nh6 37. Qg3 Rf8 38. Rg1 Nfg8 39. Bh5 Rf6 40. Bf3
Qf8 41. Rf1 Ne7 42. Kg2 Rf4 43. Qg5 Neg8 44. Be2 Qf6 45. Qg3 Kg7 46. Kg1 Qh4
47. Rf3 Qxg3+ 48. Rxg3 Kh7 49. Bd3 Rf7 50. Be2 Nf6 51. Bf3 Rf8 52. b3 a6 53.
Kg2 Nf7 54. h4 b5 55. Rh3 b4 56. Rh1 a5 57. Ra1 Ra8 58. Rf1 Kg7 59. a4 bxa3 60.
Ra1 Rh8 61. Kg3 Rb8 62. Rxa3 Rb6 63. Nf1 g5 64. Nd2 Ra6 65. hxg5 Nxg5 66. Kf2
Ra8 67. Ke3 Kf7 68. Ra1 Ke7 69. Rg1 Nf7 70. Ra1 Kd7 71. Rg1 Rh8 72. Rh1 Ra8 73.
Rg1 Ke7 74. Ra1 Ng5 75. Rg1 Nh3 76. Ra1 Nf4 77. Kf2 Nh7 78. Ke3 Ng5 79. Rg1 Kf6
80. Ra1 Kf7 81. Bg4 Nh7 82. Bf3 Nf6 83. Kf2 Nd3+ 84. Ke2 Nb4 85. Kd1 Nd7 86.
Bg4 Nb6 87. Ke2 Nc2 88. Be6+ Ke7 89. Rh1 Nd4+ 90. Kd3 a4 91. bxa4 Rxa4 92. Kc3
Ra2 93. Rh7+ Kf6 94. Bd7 Ra3+ 95. Kb2 Ra7 96. Bf5 Rxh7 97. Bxh7 Kg5 98. Kc3 Kf4
99. Kd3 Na4 100. Nb1 Kg5 101. Na3 Kf6 102. Ke3 Nb2 103. Kd2 Ke7 104. Bg6 Kd8
105. Bh5 Kc7 106. Kc3 Na4+ 107. Kd2 Kb6 108. Be8 Ka5 109. Bxa4 Kxa4 110. Nb1
Kb4 111. Kd3 Nb3 112. Nc3 Nc1+ 113. Kc2 Kxc4 114. Na4 Ne2 115. Nb6+ Kd4 116.
Nc8 Kxe4 117. Nxd6+ Kxd5 118. Ne8 Nd4+ 119. Kc3 Nb5+ 120. Kd2 e4 121. Ke3 Ke5
0-1

[Event "XLVI C.to Italiano a squadre Master"]
[Site "Condino ITA"]
[Date "2014.05.03"]
[Round "6"]
[White "Caruana, Fabiano"]
[Black "Gajewski, Grzegorz"]
[WhiteElo "2783"]
[BlackElo "2631"]
[Result "1/2-1/2"]
[PlyCount "144"]
[EventDate "2014.04.30"]

1. e4 c5 2. Nf3 e6 3. d4 cxd4 4. Nxd4 a6 5. Bd3 Bc5 6. Nb3 Be7 7. O-O d6 8. Qg4
g6 9. Qg3 Nd7 10. c4 h5 11. h3 h4 12. Qe3 Ngf6 13. Nc3 Nh5 14. Be2 g5 15. Bxh5
Rxh5 16. Qe2 Rh7 17. Be3 Ne5 18. c5 dxc5 19. Nxc5 b5 20. Rac1 Nc4 21. b3 Nxe3
22. Qxe3 Qb6 23. b4 Bb7 24. e5 Rg7 25. N3e4 Bd5 26. Nf6+ Bxf6 27. Nd7 Qxe3 28.
Nxf6+ Kf8 29. fxe3 Bc4 30. Rfd1 Rg6 31. Rd7 Kg7 32. Rc2 a5 33. bxa5 Rxa5 34.
Ne8+ Kf8 35. Nd6 Rxa2 36. Rxa2 Bxa2 37. Rxf7+ Kg8 38. Ra7 Bc4 39. Ne4 Rg7 40.
Ra8+ Kh7 41. Kf2 Kg6 42. Nd6 g4 43. hxg4 Kg5 44. Rf8 Kxg4 45. Rf4+ Kh5 46. Nxc4
bxc4 47. Rxc4 Rg5 48. Rc5 Rf5+ 49. Kg1 Rg5 50. Kf2 Rf5+ 51. Kg1 Rg5 52. Kh2 Rg3
53. Rc6 Rxe3 54. Rxe6 Kg5 55. Re8 Kf5 56. e6 Kf6 57. Rh8 Kg7 58. Re8 Kf6 59.
Rg8 Ra3 60. Rg4 Kxe6 61. Rxh4 Kf5 62. Rb4 Kg5 63. g3 Ra1 64. Rb8 Kg6 65. Kh3
Ra4 66. g4 Ra1 67. Rb3 Kh6 68. Kg3 Kg5 69. Rb5+ Kg6 70. g5 Rg1+ 71. Kf2 Rxg5
72. Rxg5+ Kxg5 1/2-1/2

[Event "XLVI C.to Italiano a squadre Master"]
[Site "Condino ITA"]
[Date "2014.05.03"]
[Round "6"]
[White "Collutiis, Duilio"]
[Black "Mazzilli, Piero"]
[WhiteElo "2462"]
[BlackElo "2362"]
[Result "1-0"]
[PlyCount "39"]
[EventDate "2014.04.30"]

1. g3 g6 2. Bg2 Bg7 3. Nf3 f5 4. d3 Nf6 5. O-O O-O 6. e4 d6 7. exf5 gxf5 8. d4
Nc6 9. d5 Nb4 10. c4 Qe8 11. Nc3 Ng4 12. Nb5 Na6 13. Rb1 c5 14. Re1 Ne5 15. Bf4
Bd7 16. Nxe5 dxe5 17. Bxe5 Bxe5 18. Rxe5 Bxb5 19. cxb5 Qxb5 20. Rxe7 1-0

[Event "XLVI C.to Italiano a squadre Master"]
[Site "Condino ITA"]
[Date "2014.05.03"]
[Round "6"]
[White "Dvirnyy, Danyyil"]
[Black "Marinelli, Tullio"]
[WhiteElo "2560"]
[BlackElo "2367"]
[Result "1-0"]
[PlyCount "41"]
[EventDate "2014.04.30"]

1. c4 e5 2. g3 Nf6 3. Bg2 d5 4. cxd5 Nxd5 5. Nc3 Nb6 6. e3 Bd6 7. Nge2 O-O 8.
O-O c6 9. f4 f5 10. b3 N8d7 11. Bb2 Qe7 12. Qc2 a5 13. Rae1 e4 14. g4 Nc5 15.
gxf5 Bxf5 16. Ng3 Rae8 17. Nxf5 Rxf5 18. Re2 Nd5 19. a3 Nxc3 20. Qxc3 Nd3 21.
Bxe4 1-0

[Event "XLVI C.to Italiano a squadre Master"]
[Site "Condino ITA"]
[Date "2014.05.03"]
[Round "6"]
[White "Erdos, Viktor"]
[Black "Antoniewski, Rafal"]
[WhiteElo "2651"]
[BlackElo "2540"]
[Result "1/2-1/2"]
[PlyCount "37"]
[EventDate "2014.04.30"]

1. Nf3 Nf6 2. c4 g6 3. g3 Bg7 4. Bg2 c5 5. d4 cxd4 6. Nxd4 O-O 7. Nc3 Nc6 8.
O-O Qa5 9. Nb3 Qh5 10. c5 d6 11. cxd6 Rd8 12. e4 Qxd1 13. Rxd1 Rxd6 14. Rxd6
exd6 15. Bf4 Ne8 16. Rd1 Be6 17. Rd2 a5 18. Nd5 Nb4 19. a3 1/2-1/2

[Event "XLVI C.to Italiano a squadre Master"]
[Site "Condino ITA"]
[Date "2014.05.03"]
[Round "6"]
[White "Guido, Flavio"]
[Black "Horvath, Csaba"]
[WhiteElo "2413"]
[BlackElo "2557"]
[Result "1/2-1/2"]
[PlyCount "37"]
[EventDate "2014.04.30"]

1. e4 c5 2. c3 Nf6 3. e5 Nd5 4. d4 cxd4 5. Nf3 e6 6. cxd4 d6 7. Bc4 Be7 8. O-O
O-O 9. Bd2 Nc6 10. Nc3 Nb6 11. Bb3 dxe5 12. dxe5 Nd4 13. Bf4 Nxb3 14. Qxb3 Bd7
15. Rfd1 Qb8 16. Nd4 Bc6 17. Nxc6 bxc6 18. Bg3 Nd5 19. Qc2 1/2-1/2

[Event "XLVI C.to Italiano a squadre Master"]
[Site "Condino ITA"]
[Date "2014.05.03"]
[Round "6"]
[White "Ladron De Guevara Pinto, Paolo"]
[Black "Molina, Fabrizio"]
[WhiteElo "2325"]
[BlackElo "2218"]
[Result "1/2-1/2"]
[PlyCount "44"]
[EventDate "2014.04.30"]

1. e4 d6 2. d4 Nf6 3. Nc3 e5 4. Nf3 Nbd7 5. Bc4 Be7 6. O-O O-O 7. a4 c6 8. Re1
b6 9. h3 a6 10. Bf1 Rb8 11. Rb1 Re8 12. b4 Qc7 13. Qd3 Bf8 14. Bd2 g6 15. g4
Bg7 16. d5 cxd5 17. exd5 Bb7 18. g5 Nh5 19. Ne4 Nf4 20. Bxf4 exf4 21. c4 Ne5
22. Nxe5 Rxe5 1/2-1/2

[Event "XLVI C.to Italiano a squadre Master"]
[Site "Condino ITA"]
[Date "2014.05.03"]
[Round "6"]
[White "Malloni, Marcello"]
[Black "Mogranzini, Roberto"]
[WhiteElo "2350"]
[BlackElo "2499"]
[Result "0-1"]
[PlyCount "82"]
[EventDate "2014.04.30"]

1. e4 d6 2. Nc3 c5 3. Nf3 Nf6 4. d4 cxd4 5. Nxd4 g6 6. Be2 Bg7 7. O-O O-O 8.
Bg5 Nc6 9. Nb3 Be6 10. Re1 a5 11. a4 Rc8 12. Bf1 Nb4 13. Nd4 Bc4 14. Ndb5 Bxf1
15. Rxf1 Qd7 16. Re1 Qe6 17. Rc1 Rc5 18. Be3 Rc4 19. b3 Nxe4 20. bxc4 Nxc3 21.
Nxc3 Bxc3 22. Bd2 Qxc4 23. Bxc3 Qxc3 24. Rxe7 d5 25. Re3 Qc4 26. c3 Rc8 27. Rb1
Na2 28. Rxb7 Nxc3 29. Qe1 Ne4 30. Qa1 Qxa4 31. Re1 Qc6 32. Rb2 a4 33. Ra2 Nc3
34. Rd2 Qc5 35. Re3 d4 36. Red3 Rb8 37. Rb2 Rxb2 38. Qxb2 a3 39. Qb8+ Kg7 40.
h3 a2 41. Qa8 Qb5 0-1

[Event "XLVI C.to Italiano a squadre Master"]
[Site "Condino ITA"]
[Date "2014.05.03"]
[Round "6"]
[White "Manca, Federico"]
[Black "David, Alberto"]
[WhiteElo "2416"]
[BlackElo "2579"]
[Result "1/2-1/2"]
[PlyCount "26"]
[EventDate "2014.04.30"]

1. e4 c5 2. Nf3 d6 3. Bb5+ Nc6 4. O-O Bd7 5. c3 a6 6. Bxc6 Bxc6 7. Re1 Nf6 8.
d4 Bxe4 9. Bg5 Bd5 10. Bxf6 gxf6 11. Nbd2 e6 12. c4 Bxf3 13. Nxf3 d5 1/2-1/2

[Event "XLVI C.to Italiano a squadre Master"]
[Site "Condino ITA"]
[Date "2014.05.03"]
[Round "6"]
[White "Micheli, Carlo"]
[Black "Qendro, Llambi"]
[WhiteElo "2289"]
[BlackElo "2338"]
[Result "1-0"]
[PlyCount "89"]
[EventDate "2014.04.30"]

1. c4 g6 2. g3 Bg7 3. Bg2 e5 4. Nc3 Nc6 5. d3 d6 6. Bd2 Nge7 7. Qc1 Nd4 8. Rb1
a5 9. b3 c6 10. e3 Ne6 11. Nge2 O-O 12. O-O f5 13. f4 Nc5 14. Qc2 Be6 15. d4
exd4 16. exd4 Ne4 17. Nxe4 fxe4 18. Bxe4 d5 19. cxd5 cxd5 20. Bd3 Nf5 21. Qb2
Qb6 22. Kh1 Bxd4 23. Nxd4 Qxd4 24. Qxd4 Nxd4 25. Be3 Nc6 26. Bc5 Rf7 27. Rbd1
Nb4 28. Bxb4 axb4 29. Rf2 Rc7 30. Bf1 Rd8 31. Rd4 Rc1 32. Kg2 Bd7 33. Rfd2 Bc6
34. Kf2 Kf7 35. Bg2 Ke6 36. g4 Ra1 37. Rxb4 Ra8 38. a4 Rb1 39. Rb6 Rd8 40. a5
Kd7 41. b4 Kc7 42. Rc2 d4 43. Bxc6 d3 44. Rc5 bxc6 45. Rcxc6+ 1-0

[Event "XLVI C.to Italiano a squadre Master"]
[Site "Condino ITA"]
[Date "2014.05.03"]
[Round "6"]
[White "Misiano, Franco"]
[Black "Sader, Michael"]
[WhiteElo "2252"]
[BlackElo "2267"]
[Result "1-0"]
[PlyCount "57"]
[EventDate "2014.04.30"]

1. e4 c5 2. Nf3 e6 3. d4 cxd4 4. Nxd4 a6 5. Nc3 Qc7 6. Bd3 Nc6 7. Be3 Nf6 8.
O-O Ne5 9. h3 b5 10. f4 Nc4 11. Bxc4 Qxc4 12. Qd3 Bb7 13. a4 Qxd3 14. cxd3 b4
15. Nce2 Rc8 16. Rfc1 Bc5 17. Kf2 d6 18. Nb3 Bxe3+ 19. Kxe3 Kd7 20. Na5 Ba8 21.
Nc4 Rc5 22. Nd4 Rb8 23. Nb3 Rcc8 24. a5 Ke7 25. Nb6 Rxc1 26. Rxc1 Ne8 27. Rc4
d5 28. Rxb4 Kd8 29. Nxd5 1-0

[Event "XLVI C.to Italiano a squadre Master"]
[Site "Condino ITA"]
[Date "2014.05.03"]
[Round "6"]
[White "Napoli, Nicolo'"]
[Black "Valsecchi, Alessio"]
[WhiteElo "2241"]
[BlackElo "2407"]
[Result "0-1"]
[PlyCount "46"]
[EventDate "2014.04.30"]

1. d4 d5 2. Nc3 Nf6 3. Bg5 c6 4. Qd3 Qa5 5. f3 b5 6. Qd2 b4 7. Nd1 h6 8. Bh4
Nbd7 9. Bg3 e6 10. e4 dxe4 11. Ne3 Ba6 12. Nc4 Bxc4 13. Bxc4 Be7 14. Qe2 c5 15.
O-O-O cxd4 16. fxe4 O-O 17. Nf3 Nc5 18. Nxd4 Nfxe4 19. Kb1 Bf6 20. Rhf1 Rad8
21. Nb3 Nxb3 22. axb3 Nc3+ 23. bxc3 Bxc3 0-1

[Event "XLVI C.to Italiano a squadre Master"]
[Site "Condino ITA"]
[Date "2014.05.03"]
[Round "6"]
[White "Paltrinieri, Nicholas"]
[Black "D'Amore, Carlo"]
[WhiteElo "2215"]
[BlackElo "2493"]
[Result "1/2-1/2"]
[PlyCount "127"]
[EventDate "2014.04.30"]

1. d4 d5 2. Bg5 h6 3. Bh4 c6 4. Nf3 Qb6 5. b3 Bf5 6. e3 Nd7 7. Bd3 Bxd3 8. Qxd3
e6 9. O-O Be7 10. Bxe7 Nxe7 11. c4 O-O 12. Nc3 Qa6 13. Rfd1 Rac8 14. a4 dxc4
15. bxc4 c5 16. Nb5 cxd4 17. exd4 Qa5 18. Qb3 Rc6 19. Qa3 Nc8 20. d5 exd5 21.
cxd5 Rg6 22. Re1 a6 23. Nc3 Nd6 24. Re7 Rc8 25. Na2 Nb6 26. Ne5 Nbc4 27. Qb4
Qxb4 28. Nxb4 Nxe5 29. Rxe5 Rg4 30. Nd3 Rd4 31. Re3 Rxd5 32. g3 Rd4 33. Ne5 Rc2
34. Nf3 Rd5 35. Re7 Kf8 36. Rae1 g5 37. h3 Ra2 38. Rd7 Rxa4 39. Ree7 Raa5 40.
Kg2 Rac5 41. Nh2 h5 42. Nf3 a5 43. h4 gxh4 44. gxh4 Rf5 45. Ng5 Rcd5 46. Nxf7
Nxf7 47. Rxf7+ Rxf7 48. Rxd5 b6 49. Rxh5 Ra7 50. Rb5 Ra6 51. Kf3 a4 52. Ke3 a3
53. Rb1 b5 54. Kd3 b4 55. Kc4 Rf6 56. Rf1 Rf4+ 57. Kb3 Kg7 58. h5 Kh6 59. Rh1
Re4 60. f3 Rd4 61. Rh2 Rf4 62. Rh1 Rd4 63. Rh2 Rf4 64. Rh1 1/2-1/2

[Event "XLVI C.to Italiano a squadre Master"]
[Site "Condino ITA"]
[Date "2014.05.03"]
[Round "6"]
[White "Piscopo, Pierluigi"]
[Black "Rombaldoni, Denis"]
[WhiteElo "2409"]
[BlackElo "2485"]
[Result "1-0"]
[PlyCount "45"]
[EventDate "2014.04.30"]

1. e4 c6 2. d4 d5 3. exd5 cxd5 4. c4 Nf6 5. Nc3 Nc6 6. Nf3 Be6 7. c5 g6 8. Bb5
Bg7 9. O-O O-O 10. h3 Ne4 11. Re1 Qa5 12. Bxc6 Nxc3 13. bxc3 bxc6 14. Bf4 Qxc3
15. Rb1 Bf5 16. Rb3 Qa5 17. Rxe7 Qxa2 18. Rbb7 a5 19. Ne5 Be6 20. Nxc6 a4 21.
Qe1 a3 22. Qxe6 Rae8 23. Rxf7 1-0

[Event "XLVI C.to Italiano a squadre Master"]
[Site "Condino ITA"]
[Date "2014.05.03"]
[Round "6"]
[White "Ramondino, Renzo"]
[Black "Stromboli, Carlo"]
[WhiteElo "2251"]
[BlackElo "2332"]
[Result "1/2-1/2"]
[PlyCount "75"]
[EventDate "2014.04.30"]

1. e4 e5 2. Nf3 Nc6 3. Bb5 a6 4. Ba4 Nf6 5. O-O b5 6. Bb3 Bc5 7. a4 Bb7 8. d3
h6 9. Nc3 b4 10. Nd5 Na5 11. Ba2 b3 12. Nxf6+ Qxf6 13. cxb3 Nc6 14. Be3 Bb4 15.
Rc1 O-O 16. d4 exd4 17. Nxd4 Rfe8 18. Bb1 Na5 19. Qg4 h5 20. Qxh5 c5 21. Nf3 g6
22. Qh3 Bxe4 23. Bxe4 Rxe4 24. Qxd7 Rae8 25. Qd5 Qxb2 26. Bxc5 Qxb3 27. Qg5
Qxa4 28. Ra1 Qb5 29. Bxb4 Rxb4 30. Qf6 Nb3 31. Ng5 Qc4 32. Rae1 Rbb8 33. Re3
Nd2 34. Rfe1 Rxe3 35. fxe3 Re8 36. Rd1 Ne4 37. Nxe4 Qxe4 38. Qxa6 1/2-1/2

[Event "XLVI C.to Italiano a squadre Master"]
[Site "Condino ITA"]
[Date "2014.05.03"]
[Round "6"]
[White "Rombaldoni, Axel"]
[Black "Bruno, Fabio"]
[WhiteElo "2513"]
[BlackElo "2413"]
[Result "0-1"]
[PlyCount "64"]
[EventDate "2014.04.30"]

1. e4 e6 2. d4 d5 3. Nd2 Nf6 4. e5 Nfd7 5. Bd3 c5 6. c3 Nc6 7. Ne2 cxd4 8. cxd4
f6 9. exf6 Qxf6 10. Nf3 h6 11. O-O Bd6 12. Ng3 O-O 13. Bc2 Rf7 14. a3 Nf8 15.
Re1 Bd7 16. b4 a6 17. Nh5 Qe7 18. Ne5 Qh4 19. f4 Nxe5 20. dxe5 Bb8 21. Be3 Ba7
22. Bxa7 Rxa7 23. Re3 Ra8 24. Rh3 Qe7 25. Qg4 Rc8 26. Bd3 Bb5 27. Bxb5 axb5 28.
Nf6+ Rxf6 29. exf6 Qxf6 30. Re1 Rc4 31. Rf3 e5 32. Qd7 Nxd7 0-1

[Event "XLVI C.to Italiano a squadre Master"]
[Site "Condino ITA"]
[Date "2014.05.03"]
[Round "6"]
[White "Salgado Lopez, Ivan"]
[Black "Mariotti, Sergio"]
[WhiteElo "2612"]
[BlackElo "2295"]
[Result "1-0"]
[PlyCount "75"]
[EventDate "2014.04.30"]

1. e4 e5 2. Nf3 Nc6 3. Bb5 a6 4. Ba4 Nf6 5. O-O Be7 6. Re1 b5 7. Bb3 O-O 8. a4
Rb8 9. axb5 axb5 10. c3 d6 11. d4 exd4 12. cxd4 d5 13. e5 Ne4 14. Nc3 Nxc3 15.
bxc3 Be6 16. Bd2 b4 17. Ba4 bxc3 18. Bxc3 Rb6 19. Qd2 Qc8 20. Rec1 h6 21. Bxc6
Rxc6 22. Bb4 Bxb4 23. Qxb4 Rc4 24. Qa3 Qb7 25. Rcb1 Qc6 26. Qe3 Ra8 27. h3 Rxa1
28. Rxa1 Rc3 29. Qf4 Qb7 30. Rc1 Rc4 31. Ra1 Qb2 32. Ra8+ Kh7 33. Kh2 c5 34.
Ng5+ hxg5 35. Qxg5 Qc1 36. f4 Qd1 37. f5 Rxd4 38. f6 1-0

[Event "XLVI C.to Italiano a squadre Master"]
[Site "Condino ITA"]
[Date "2014.05.03"]
[Round "6"]
[White "Shytaj, Luca"]
[Black "Brunello, Sabino"]
[WhiteElo "2453"]
[BlackElo "2575"]
[Result "1/2-1/2"]
[PlyCount "75"]
[EventDate "2014.04.30"]

1. e4 c5 2. Nf3 e6 3. d4 cxd4 4. Nxd4 a6 5. Nc3 Qc7 6. Bd3 Nf6 7. f4 d6 8. Be3
Nbd7 9. g4 h6 10. g5 hxg5 11. fxg5 Nh5 12. g6 Ne5 13. gxf7+ Qxf7 14. Qd2 Ng4
15. Rf1 Nhf6 16. Bg1 Qh5 17. Nf3 Nd7 18. O-O-O Qh6 19. Kb1 Qxd2 20. Rxd2 Nde5
21. Na4 Nxf3 22. Rxf3 Ne5 23. Rg3 Bd7 24. Nb6 Rd8 25. Be3 Bc6 26. Bg5 Be7 27.
Bxe7 Kxe7 28. Rxg7+ Kf6 29. Rg1 Rdg8 30. Rxg8 Rxg8 31. b3 Rh8 32. Kb2 Ke7 33.
Rg2 Rh3 34. Rd2 Nf3 35. Rf2 Ne5 36. Rd2 Nf3 37. Rf2 Ne5 38. Rd2 1/2-1/2

[Event "XLVI C.to Italiano a squadre Master"]
[Site "Condino ITA"]
[Date "2014.05.03"]
[Round "6"]
[White "Stella, Andrea"]
[Black "Bentivegna, Francesco"]
[WhiteElo "2433"]
[BlackElo "2282"]
[Result "1/2-1/2"]
[PlyCount "30"]
[EventDate "2014.04.30"]

1. c4 e5 2. g3 c6 3. Nc3 d5 4. d4 e4 5. Bg2 Bb4 6. Bd2 Bxc3 7. bxc3 Nf6 8. f3
O-O 9. cxd5 cxd5 10. fxe4 dxe4 11. Nh3 Re8 12. Bg5 Nbd7 13. O-O h6 14. Bxf6
Nxf6 15. c4 b6 1/2-1/2

[Event "XLVI C.to Italiano a squadre Master"]
[Site "Condino ITA"]
[Date "2014.05.03"]
[Round "6"]
[White "Stromboli, Ettore"]
[Black "Ferro, Mario"]
[WhiteElo "2304"]
[BlackElo "2234"]
[Result "0-1"]
[PlyCount "114"]
[EventDate "2014.04.30"]

1. e4 e5 2. Nf3 Nf6 3. Nxe5 d6 4. Nf3 Nxe4 5. d4 d5 6. Bd3 Nc6 7. O-O Be7 8. c4
Nb4 9. cxd5 Nxd3 10. Qxd3 Qxd5 11. Re1 Bf5 12. g4 Bg6 13. Nc3 Nxc3 14. Qxc3 f6
15. Bf4 Kf7 16. Re3 c6 17. Rae1 Rhe8 18. Qb3 Qxb3 19. Rxb3 b6 20. Nh4 Rad8 21.
Nxg6 hxg6 22. Be3 Ke6 23. Bh6+ Kd7 24. Be3 Bd6 25. Kg2 Re4 26. h3 f5 27. Kf3
Rh8 28. gxf5 gxf5 29. Rh1 Ke6 30. Bg5 Kd5 31. Rd3 Rhe8 32. Rg1 R8e6 33. h4 g6
34. Rc1 Bf8 35. Rh1 Rg4 36. Re3 Rge4 37. h5 gxh5 38. Rxh5 Kxd4 39. Bf4 Rf6 40.
Rxf5 Rxf5 41. Rxe4+ Kd5 42. Ra4 a5 43. Kg4 Rf7 44. Be3 c5 45. b3 Bg7 46. f4 Bd4
47. Kf3 Rh7 48. Bd2 Rh3+ 49. Kg4 Rh1 50. Kf3 Rf1+ 51. Ke2 Rf2+ 52. Kd3 Rf3+ 53.
Ke2 Ke4 54. Rc4 Rf2+ 55. Ke1 Rg2 56. Kd1 Kd3 57. Be1 Rg1 0-1

[Event "XLVI C.to Italiano a squadre Master"]
[Site "Condino ITA"]
[Date "2014.05.04"]
[Round "7"]
[White "Boscolo, Federico"]
[Black "Rombaldoni, Axel"]
[WhiteElo "2285"]
[BlackElo "2513"]
[Result "1/2-1/2"]
[PlyCount "68"]
[EventDate "2014.04.30"]

1. e4 e5 2. Nf3 Nc6 3. Bc4 Bc5 4. c3 Nf6 5. d4 exd4 6. cxd4 Bb4+ 7. Bd2 Bxd2+
8. Nbxd2 d5 9. exd5 Nxd5 10. Qb3 Nce7 11. O-O O-O 12. Rfe1 c6 13. Ne4 Qb6 14.
Nc3 Qxb3 15. Bxb3 Bg4 16. Nxd5 Nxd5 17. Bxd5 cxd5 18. Re7 b6 19. Ne5 Be6 20.
Rc1 Rfc8 21. Rcc7 Rxc7 22. Rxc7 Rc8 23. Rxc8+ Bxc8 24. Kf1 Kf8 25. Ke1 Bb7 26.
Kd2 Ke7 27. Kc3 f6 28. Nd3 Kd6 29. Nf4 g6 30. a4 Bc6 31. b3 Be8 32. Nd3 g5 33.
Nb2 Ke6 34. b4 a5 1/2-1/2

[Event "XLVI C.to Italiano a squadre Master"]
[Site "Condino ITA"]
[Date "2014.05.04"]
[Round "7"]
[White "Brunello, Sabino"]
[Black "Ladron De Guevara Pinto, Paolo"]
[WhiteElo "2575"]
[BlackElo "2325"]
[Result "1-0"]
[PlyCount "71"]
[EventDate "2014.04.30"]

1. c4 c5 2. g3 Nc6 3. Bg2 g6 4. Nc3 Bg7 5. Nf3 e5 6. O-O Nge7 7. a3 O-O 8. Rb1
a5 9. Ne1 d6 10. Nc2 Be6 11. Ne3 Rb8 12. d3 h6 13. Bd2 Kh7 14. Ned5 b6 15. b4
axb4 16. axb4 Bxd5 17. Nxd5 Nxd5 18. Bxd5 Qc7 19. Qa4 Ne7 20. Bg2 Rfc8 21. Rfc1
Bf8 22. Rb2 Nc6 23. Rcb1 Be7 24. Bd5 Kg7 25. b5 Nd4 26. Qd1 Qd7 27. e3 Ne6 28.
Ra2 h5 29. Rba1 Bd8 30. Bc3 Nc7 31. Ra7 Qe7 32. Bc6 f6 33. Qf3 Kf8 34. d4 Qe6
35. dxe5 dxe5 36. Qe4 1-0

[Event "XLVI C.to Italiano a squadre Master"]
[Site "Condino ITA"]
[Date "2014.05.04"]
[Round "7"]
[White "D'Amore, Carlo"]
[Black "Sbarra, Marco"]
[WhiteElo "2493"]
[BlackElo "2250"]
[Result "1-0"]
[PlyCount "83"]
[EventDate "2014.04.30"]

1. Nf3 d5 2. g3 c5 3. Bg2 Nc6 4. O-O e5 5. c4 d4 6. d3 Be7 7. b4 cxb4 8. a3
bxa3 9. e3 Nf6 10. exd4 exd4 11. Re1 O-O 12. Ne5 Nxe5 13. Rxe5 Bg4 14. Qf1 Nd7
15. Rb5 a6 16. Rxb7 Nc5 17. Rxe7 Qxe7 18. Bxa3 Rac8 19. Nd2 Qa7 20. Bxc5 Rxc5
21. Qc1 Re5 22. h3 Bc8 23. Nf3 Rf5 24. Qb2 Rd8 25. Re1 Be6 26. Re4 Rxf3 27.
Bxf3 Bf5 28. Rf4 Bxd3 29. Bd5 Bg6 30. Rxd4 Re8 31. Bc6 Re1+ 32. Kg2 h5 33. Rd8+
Kh7 34. Bf3 Qc7 35. Rd4 Qe5 36. Qd2 Rb1 37. Rd5 Qc7 38. c5 Rb5 39. Qc3 f6 40.
Qd4 Qa5 41. Bxh5 Bc2 42. Bf7 1-0

[Event "XLVI C.to Italiano a squadre Master"]
[Site "Condino ITA"]
[Date "2014.05.04"]
[Round "7"]
[White "David, Alberto"]
[Black "Salgado Lopez, Ivan"]
[WhiteElo "2579"]
[BlackElo "2612"]
[Result "1/2-1/2"]
[PlyCount "153"]
[EventDate "2014.04.30"]

1. e4 c5 2. Nf3 Nc6 3. Bb5 g6 4. Bxc6 bxc6 5. O-O Bg7 6. Re1 Rb8 7. c3 Nf6 8.
Qa4 Qb6 9. e5 Nd5 10. Qh4 h6 11. Na3 g5 12. Qe4 O-O 13. Nc4 Qc7 14. d4 Ba6 15.
dxc5 f5 16. Qd4 f4 17. h3 Rf5 18. Qe4 Rff8 19. Ncd2 Qd8 20. e6 Nf6 21. Qa4 Bb5
22. Qa3 d5 23. cxd6 Qxd6 24. Qxd6 exd6 25. Nd4 c5 26. Nxb5 Rxb5 27. Nc4 Ne8 28.
Rd1 Rb7 29. Nxd6 Re7 30. Nxe8 Rfxe8 31. Rd5 Rxe6 32. Bd2 c4 33. Rd1 Re5 34.
Rxe5 Rxe5 35. Re1 Ra5 36. a3 Rb5 37. Bc1 Rd5 38. Kf1 Kf7 39. Ke2 Re5+ 40. Kd1
Rxe1+ 41. Kxe1 Ke6 42. Kd1 Kd5 43. Kc2 Ke4 44. f3+ Kd5 45. b3 Be5 46. a4 Bd6
47. Bd2 h5 48. Be1 h4 49. Bf2 a6 50. Bd4 Be7 51. Kb2 Bd8 52. Ka2 Be7 53. Bg7
Kc5 54. Kb2 Kd5 55. Ka2 Kc5 56. Bd4+ Kd5 57. Kb2 Bd8 58. Kc2 Be7 59. Bb6 Bf6
60. Ba5 Be7 61. Bb4 Bf6 62. Bf8 Bd8 63. Kb2 Bf6 64. Bb4 Bd8 65. Ba3 Bf6 66. Bf8
Bd8 67. Ka3 Bf6 68. Kb4 a5+ 69. Ka3 Bxc3 70. Be7 Be1 71. bxc4+ Kxc4 72. Bxg5
Bg3 73. Bd8 Be1 74. Bc7 Bd2 75. Bd8 Be1 76. Bg5 Bg3 77. Bd8 1/2-1/2

[Event "XLVI C.to Italiano a squadre Master"]
[Site "Condino ITA"]
[Date "2014.05.04"]
[Round "7"]
[White "De Filomeno, Simone"]
[Black "Godena, Michele"]
[WhiteElo "2430"]
[BlackElo "2528"]
[Result "1/2-1/2"]
[PlyCount "33"]
[EventDate "2014.04.30"]

1. c4 e5 2. Nc3 Nf6 3. Nf3 Nc6 4. g3 Bc5 5. d3 d6 6. Bg2 h6 7. O-O a6 8. b3 O-O
9. Bb2 Nd4 10. e3 Nxf3+ 11. Bxf3 Bh3 12. Re1 c6 13. d4 exd4 14. exd4 Bb4 15. d5
cxd5 16. cxd5 Rc8 17. Rc1 1/2-1/2

[Event "XLVI C.to Italiano a squadre Master"]
[Site "Condino ITA"]
[Date "2014.05.04"]
[Round "7"]
[White "Gajewski, Grzegorz"]
[Black "Palac, Mladen"]
[WhiteElo "2631"]
[BlackElo "2569"]
[Result "1/2-1/2"]
[PlyCount "23"]
[EventDate "2014.04.30"]

1. d4 Nf6 2. c4 e6 3. Nf3 d5 4. Nc3 Bb4 5. Bg5 h6 6. Bxf6 Qxf6 7. Qa4+ Nc6 8.
e3 O-O 9. Be2 Bxc3+ 10. bxc3 Bd7 11. cxd5 exd5 12. O-O 1/2-1/2